Milwaukee Brewers Trivia - Statistics

General Stats
  • This quiz has been taken 921 times
  • The average score is 10 of 15
Answer Stats
Hint Answer % Correct
The other Major League team which called Milwaukee home (1953–1965) Milwaukee {Braves}
94%
Left fielder who was the National League MVP in 2018 Christian Yelich
84%
Players who entered the Hall of Fame as a Brewer Robin Yount
81%
The Brewers' career home runs leader (2007–2020) Ryan Braun
81%
Types of sausage which appear in the sausage race Bratwurst
77%
Original name of the team when it played in Seattle Seattle {Pilots}
76%
Basketball star who became part-owner of the team in 2021 Giannis Antetokounmpo
73%
Former Brewers owner who served as league commissioner from 1998–2015 Bud Selig
72%
Types of sausage which appear in the sausage race Hot dog
68%
Players who entered the Hall of Fame as a Brewer Paul Molitor
68%
Former player, dubbed "Mr. Baseball", who was the Brewersannouncer from 1971–2024 Bob Uecker
67%
Types of sausage which appear in the sausage race Polish sausage
60%
Types of sausage which appear in the sausage race Italian sausage
52%
Types of sausage which appear in the sausage race Chorizo
40%
Song which is played during the 7th inning stretch Beer Barrel {Polka}
35%
No matching quizzes found
Score Distribution
Percent of People with Each Score
Percentile by Number Answered
Your Score History
You have not taken this quiz